[Event "Collado Villalba 64 op 7th"]
[Site "Collado Villalba"]
[Date "2019.08.02"]
[Round "6"]
[White "Garcia Prada, Alejandro"]
[Black "Gonzalez Benavides, Jose Antonio"]
[Result "0-1"]
[WhiteElo "1796"]
[BlackElo "2047"]
[PlyCount "62"]
[EventDate "2019.07.29"]
[EventType "swiss"]
[EventRounds "9"]
[EventCountry "ESP"]
[SourceTitle "CBM 195 Extra"]
[Source "ChessBase"]
[SourceDate "2020.05.31"]
[SourceVersion "1"]
[SourceVersionDate "2020.05.31"]
[SourceQuality "1"]

1. e4 c5 2. Nf3 Nc6 3. d4 cxd4 4. Nxd4 Nf6 5. Nc3 e5 6. Nb3 Bb4 7. Bc4 0-0 8. 0-0 Bxc3 9. bxc3 Nxe4 10. Ba3 d6 11. Qf3 Ng5 12. Qd3 Be6 13. Bxe6 Nxe6 14. Rad1 Nf4 15. Qb5 Qb6 16. Qc4 d5 17. Rxd5 Nxd5 18. Bxf8 Rxf8 19. Qxd5 Rd8 20. Qf3 a5 21. Rd1 Rxd1+ 22. Qxd1 a4 23. Qd7 g6 24. Nd2 Qb2 25. g3 Qxc3 26. Qxb7 Qxc2 27. Nf3 h6 28. Qc8+ Kg7 29. Qe8 Qe4 30. Kg2 g5 31. h3 h5 0-1

[Event "ESP-ch rapid"]
[Site "Linares"]
[Date "2017.08.13"]
[Round "1"]
[White "Saric, Ivan"]
[Black "Gonzalez Benavides, Jose Antonio"]
[Result "1-0"]
[WhiteElo "2632"]
[BlackElo "2105"]
[PlyCount "69"]
[EventDate "2017.08.13"]
[EventType "swiss (rapid)"]
[EventRounds "9"]
[EventCountry "ESP"]
[SourceTitle "CBM 179 Extra"]
[Source "ChessBase"]
[SourceDate "2017.08.23"]
[SourceVersion "1"]
[SourceVersionDate "2017.08.23"]
[SourceQuality "1"]

1. e4 c5 2. Nf3 Nc6 3. Bb5 g6 4. Bxc6 dxc6 5. d3 Bg7 6. h3 e5 7. a4 a5 8. Na3 Be6 9. Ng5 Bc8 10. Nc4 h6 11. Nf3 Be6 12. Ncxe5 Ne7 13. 0-0 0-0 14. Be3 Qd6 15. Nc4 Bxc4 16. dxc4 Qe6 17. Bxc5 Rfd8 18. Qe2 Rd7 19. c3 Re8 20. Rad1 Nf5 21. Rxd7 Qxd7 22. Qd2 Qxd2 23. Nxd2 Nh4 24. Re1 g5 25. Nb3 b6 26. Bxb6 f5 27. Nxa5 fxe4 28. Rd1 Nf5 29. Rd8 Rxd8 30. Bxd8 e3 31. fxe3 Nxe3 32. Nxc6 Nxc4 33. a5 Bf8 34. b4 Kf7 35. a6 1-0

[Event "Extremadura-ch"]
[Site "Badajoz"]
[Date "2013.06.15"]
[Round "6"]
[White "Martin Prior, Francisco Jose"]
[Black "Gonzalez Benavides, Jose Antonio"]
[Result "1/2-1/2"]
[WhiteElo "1922"]
[BlackElo "2036"]
[PlyCount "86"]
[EventDate "2013.06.08"]
[EventType "swiss"]
[EventRounds "7"]
[EventCountry "ESP"]
[SourceTitle "EXT 2014"]
[Source "ChessBase"]
[SourceDate "2013.11.20"]
[SourceVersion "1"]
[SourceVersionDate "2013.11.20"]
[SourceQuality "1"]

1. d4 d5 2. c4 c6 3. Nc3 Nf6 4. Nf3 e6 5. Bg5 h6 6. Bxf6 Qxf6 7. Qc2 Nd7 8. e4 dxe4 9. Qxe4 g6 10. Qe3 Bg7 11. c5 0-0 12. Ne4 Qe7 13. Nd6 e5 14. Bc4 Qf6 15. dxe5 Nxe5 16. Nxe5 Qxe5 17. Qxe5 Bxe5 18. 0-0-0 b5 19. Nxc8 bxc4 20. Ne7+ Kg7 21. Nxc6 Bf4+ 22. Kc2 Rac8 23. Rd4 Rxc6 24. Rxf4 Rxc5 25. Rd1 g5 26. Re4 Rfc8 27. Kc3 Ra5 28. Rd7 a6 29. Ree7 Rf5 30. f3 Rcc5 31. Rc7 Rcd5 32. Rxc4 Rd1 33. Kc2 Rfd5 34. Re2 Ra1 35. a3 a5 36. f4 g4 37. Re5 Rdd1 38. Rxa5 Rg1 39. g3 Rg2+ 40. Kb3 Rxh2 41. Rd5 Re1 42. a4 Ree2 43. a5 Rxb2+ 1/2-1/2

[Event "Extremadura-ch"]
[Site "Badajoz"]
[Date "2013.06.08"]
[Round "2"]
[White "Bueno Reyes, Jose Luis"]
[Black "Gonzalez Benavides, Jose Antonio"]
[Result "0-1"]
[WhiteElo "1719"]
[BlackElo "2036"]
[PlyCount "60"]
[EventDate "2013.06.08"]
[EventType "swiss"]
[EventRounds "7"]
[EventCountry "ESP"]
[SourceTitle "EXT 2014"]
[Source "ChessBase"]
[SourceDate "2013.11.20"]
[SourceVersion "1"]
[SourceVersionDate "2013.11.20"]
[SourceQuality "1"]

1. b4 e6 2. Bb2 Nf6 3. a3 d5 4. e3 Nbd7 5. c4 a6 6. c5 b6 7. c6 Nb8 8. Qc2 Qd6 9. b5 axb5 10. Bxb5 Be7 11. Nf3 0-0 12. Be5 Qd8 13. a4 Na6 14. Bxa6 Bxa6 15. Na3 Ne4 16. Nd4 Bf6 17. Bg3 Nc5 18. Nab5 Bxb5 19. Nxb5 Bxa1 20. Bxc7 Qg5 21. 0-0 Bf6 22. a5 Rxa5 23. Rb1 Na4 24. Rb4 Qg6 25. d3 Nb2 26. Rxb2 Bxb2 27. Qxb2 Qxd3 28. Nc3 Rc5 29. Bxb6 Rxc3 30. h3 Rb3 0-1

[Event "ESP-ch U16"]
[Site "Salobrena"]
[Date "2012.07.21"]
[Round "9"]
[White "Gonzalez Benavides, Jose Antonio"]
[Black "Gutierrez Valero, Mario"]
[Result "0-1"]
[WhiteElo "1918"]
[BlackElo "2135"]
[PlyCount "106"]
[EventDate "2012.07.16"]
[EventType "swiss"]
[EventRounds "9"]
[EventCountry "ESP"]
[SourceTitle "EXT 2014"]
[Source "ChessBase"]
[SourceDate "2013.11.20"]
[SourceVersion "1"]
[SourceVersionDate "2013.11.20"]
[SourceQuality "1"]

1. e4 c5 2. Nf3 d6 3. d4 cxd4 4. Nxd4 Nf6 5. Nc3 g6 6. Be3 a6 7. f3 b5 8. Nb3 Bb7 9. e5 dxe5 10. Qxd8+ Kxd8 11. Na5 Kc8 12. 0-0-0 Nbd7 13. Nxb7 Kxb7 14. g4 b4 15. Na4 e6 16. Bc4 Rc8 17. b3 Nc5 18. g5 Nxa4 19. gxf6 Bc5 20. Bxc5 Nxc5 21. Rhe1 Rhd8 22. Rxe5 Rxd1+ 23. Kxd1 Rd8+ 24. Ke2 Kb6 25. Ke3 Rd6 26. h4 Nd7 27. Re4 Nxf6 28. Rd4 Ne8 29. Rf4 Rd7 30. Bd3 a5 31. h5 Nc7 32. Rc4 Nd5+ 33. Kf2 Nc3 34. hxg6 hxg6 35. Rc8 Nxa2 36. Ke3 Nc3 37. Rb8+ Rb7 38. Re8 Ra7 39. Kd4 Kc6 40. Rf8 Kd6 41. Rd8+ Ke7 42. Rc8 Rd7+ 43. Kc5 Rd5+ 44. Kc6 Kf6 45. Rf8 Re5 46. Kd7 Kg7 47. Ke8 f5 48. Rf7+ Kh6 49. Kd7 Nd5 50. Rf8 Kg7 51. Ra8 Nb6+ 52. Kd6 Rd5+ 53. Kxe6 Rxd3 0-1

[Event "ESP-ch U16"]
[Site "Salobrena"]
[Date "2012.07.20"]
[Round "7"]
[White "Navarrete Espi, Samuel"]
[Black "Gonzalez Benavides, Jose Antonio"]
[Result "1-0"]
[WhiteElo "2197"]
[BlackElo "1918"]
[PlyCount "87"]
[EventDate "2012.07.16"]
[EventType "swiss"]
[EventRounds "9"]
[EventCountry "ESP"]
[SourceTitle "EXT 2014"]
[Source "ChessBase"]
[SourceDate "2013.11.20"]
[SourceVersion "1"]
[SourceVersionDate "2013.11.20"]
[SourceQuality "1"]

1. e4 c5 2. Nf3 Nc6 3. d4 cxd4 4. Nxd4 e5 5. Nb5 d6 6. N1c3 a6 7. Na3 b5 8. Nd5 Nge7 9. c4 Nd4 10. Bd3 Nxd5 11. exd5 Be7 12. 0-0 Rb8 13. Nc2 0-0 14. Nxd4 exd4 15. cxb5 axb5 16. Qe2 Bd7 17. Qe4 f5 18. Qxd4 b4 19. Qf4 g5 20. Qf3 Qe8 21. Qe2 Qf7 22. f4 g4 23. b3 Rfe8 24. Bb2 Bf6 25. Qd2 Bxb2 26. Qxb2 Bb5 27. Qd4 Bxd3 28. Qxd3 Re4 29. a4 Rbe8 30. a5 Re3 31. Qc4 Qa7 32. Kh1 R3e4 33. Qd3 Rc8 34. a6 Rc5 35. Rfe1 Qc7 36. a7 Rxe1+ 37. Rxe1 Qxa7 38. Qxf5 Qf7 39. Qxg4+ Kf8 40. Qg5 Rc8 41. Qh6+ Kg8 42. Qxd6 Rc2 43. h3 Rc8 44. Qe6 1-0

[Event "ESP-ch U16"]
[Site "Salobrena"]
[Date "2012.07.17"]
[Round "3"]
[White "Nicolas Zapata, Irene"]
[Black "Gonzalez Benavides, Jose Antonio"]
[Result "1-0"]
[WhiteElo "2235"]
[BlackElo "1918"]
[PlyCount "131"]
[EventDate "2012.07.16"]
[EventType "swiss"]
[EventRounds "9"]
[EventCountry "ESP"]
[SourceTitle "EXT 2014"]
[Source "ChessBase"]
[SourceDate "2013.11.20"]
[SourceVersion "1"]
[SourceVersionDate "2013.11.20"]
[SourceQuality "1"]

1. c4 c6 2. d4 d5 3. Nf3 Nf6 4. e3 e6 5. Nbd2 Nbd7 6. b3 Bd6 7. Bb2 0-0 8. Bd3 Re8 9. Ne5 Bxe5 10. dxe5 Nc5 11. Bc2 Nfe4 12. Nxe4 dxe4 13. 0-0 Qc7 14. Bd4 Nd3 15. Qg4 Nxe5 16. Qg3 f6 17. Bxe4 Re7 18. f4 Nd7 19. Qh4 Nf8 20. Bc5 e5 21. Bxe7 Qxe7 22. Rad1 exf4 23. Qxf4 Be6 24. Qd6 Re8 25. Qxe7 Rxe7 26. Bf3 Nd7 27. Rd6 Ne5 28. Rfd1 Rd7 29. Rxd7 Bxd7 30. Kf2 Kf7 31. Ke2 Ke7 32. Rd4 h6 33. c5 Kd8 34. Kd2 Kc7 35. Kc3 b6 36. b4 b5 37. a4 bxa4 38. Bd1 a3 39. Rd2 Bf5 40. Ra2 Nc4 41. Bb3 Nxe3 42. Rxa3 Kb7 43. Ra2 Ng4 44. h3 Ne5 45. Bc2 Be6 46. Bb3 Bf5 47. Rd2 Kc7 48. Kb2 Bd3 49. Ka3 Bb5 50. Rc2 Bd3 51. Rc3 Be4 52. g4 Bd3 53. Kb2 Be4 54. Re3 Bg6 55. Kc3 Kd7 56. Bc2 Bf7 57. Kd4 Bd5 58. Ra3 Bg2 59. Rxa7+ Ke8 60. Rxg7 Bxh3 61. Bd1 Bf1 62. Rh7 Nf7 63. Bb3 Ne5 64. Rxh6 Nxg4 65. Rg6 f5 66. Rxc6 1-0

[Event "Extremadura-ch"]
[Site "Merida"]
[Date "2011.09.03"]
[Round "2"]
[White "Garcia Ortega Mendez, Jose Manuel"]
[Black "Gonzalez Benavides, Jose Antonio"]
[Result "0-1"]
[WhiteElo "2367"]
[BlackElo "1881"]
[PlyCount "60"]
[EventDate "2011.09.03"]
[EventType "swiss"]
[EventRounds "6"]
[EventCountry "ESP"]
[SourceTitle "EXT 2014"]
[Source "ChessBase"]
[SourceDate "2013.11.20"]
[SourceVersion "1"]
[SourceVersionDate "2013.11.20"]
[SourceQuality "1"]

1. d4 d5 2. c4 c6 3. Nf3 Nf6 4. e3 e6 5. Nc3 Nbd7 6. Bd3 dxc4 7. Bxc4 b5 8. Bd3 a6 9. e4 c5 10. d5 c4 11. dxe6 fxe6 12. Bc2 Qc7 13. 0-0 Bb7 14. Ng5 Nc5 15. Qf3 h6 16. Qh3 0-0-0 17. Nxe6 Nxe6 18. Qxe6+ Kb8 19. Qh3 b4 20. Ne2 Bd6 21. f4 Nxe4 22. Be3 Rhe8 23. Kh1 Bc5 24. Bxc5 Qxc5 25. Bxe4 Bxe4 26. Ng3 Bb7 27. a3 Rd2 28. Rg1 Rxg2 29. Rxg2 Qf2 30. Nf1 Re2 0-1

[Event "ESP-ch U16"]
[Site "Padron"]
[Date "2011.07.19"]
[Round "1"]
[White "Anton Guijarro, David"]
[Black "Gonzalez Benavides, Jose Antonio"]
[Result "1-0"]
[WhiteElo "2438"]
[BlackElo "1823"]
[PlyCount "113"]
[EventDate "2011.07.19"]
[EventType "swiss"]
[EventRounds "9"]
[EventCountry "ESP"]
[SourceTitle "CBM 143 Extra"]
[Source "ChessBase"]
[SourceDate "2011.08.29"]
[SourceVersion "1"]
[SourceVersionDate "2011.08.29"]
[SourceQuality "1"]

1. c4 c6 2. e3 d5 3. Nc3 Nf6 4. Nf3 e6 5. d4 Nbd7 6. Qc2 Bd6 7. Be2 0-0 8. 0-0 e5 9. cxd5 cxd5 10. dxe5 Nxe5 11. Rd1 Qc7 12. h3 Rd8 13. Bd2 Be6 14. Nd4 a6 15. Rac1 Rac8 16. Qb1 Qd7 17. Bf1 Bb8 18. Be1 Qd6 19. f4 Nc4 20. Bxc4 Rxc4 21. Bh4 Re8 22. Bxf6 gxf6 23. b3 Rcc8 24. Qd3 Kh8 25. Nce2 Rcd8 26. Rf1 Rg8 27. Rf3 Qf8 28. Ng3 Qh6 29. Ngf5 Qh5 30. g4 Qg6 31. Kf2 Rde8 32. Ke2 Rc8 33. Rxc8 Rxc8 34. Ne7 Qxd3+ 35. Kxd3 Rc1 36. f5 Bd7 37. Nxd5 Be5 38. Rf2 Rh1 39. Nf4 Kg8 40. Ke4 Kf8 41. Nd3 Bd6 42. Kd5 Ke7 43. g5 Be5 44. Nxe5 fxe5 45. Kxe5 Rxh3 46. e4 Rg3 47. Nf3 Rg4 48. f6+ Kd8 49. Rh2 Bc6 50. Rh4 Rxh4 51. Nxh4 a5 52. a3 Ke8 53. Nf5 Kf8 54. Nd4 Be8 55. Kd6 b5 56. b4 axb4 57. axb4 1-0

[Event "ESP-chT2 Gr2"]
[Site "Granada"]
[Date "2010.08.04"]
[Round "1"]
[White "Gonzalez Benavides, Jose Antonio"]
[Black "Ramirez Diaz, Jose Ramon"]
[Result "0-1"]
[WhiteElo "1750"]
[BlackElo "2152"]
[PlyCount "94"]
[EventDate "2010.08.04"]
[EventType "team-tourn"]
[EventRounds "6"]
[EventCountry "ESP"]
[SourceTitle "CBM 137 Extra"]
[Source "ChessBase"]
[SourceDate "2010.09.01"]
[SourceVersion "1"]
[SourceVersionDate "2010.09.01"]
[SourceQuality "1"]

1. e4 d6 2. d4 Nf6 3. Nc3 g6 4. Nf3 Bg7 5. Be2 0-0 6. Bg5 Bg4 7. 0-0 Nc6 8. Re1 Nd7 9. d5 Bxf3 10. gxf3 Nd4 11. Bf1 c6 12. Be3 e5 13. Bg2 Rc8 14. Rc1 Qf6 15. Bxd4 exd4 16. dxc6 bxc6 17. Ne2 Rb8 18. b3 Nc5 19. Qd2 Ne6 20. Rcd1 Qh4 21. Qd3 Rb5 22. f4 Nxf4 23. Nxf4 Qxf4 24. Qg3 Qf6 25. f4 Rc5 26. Re2 Re8 27. b4 Rc4 28. a3 Bh6 29. Rf2 Rc3 30. Rd3 Bg7 31. Qg4 Qe7 32. h4 h5 33. Qh3 Rxd3 34. cxd3 Bf6 35. Rc2 c5 36. bxc5 dxc5 37. e5 Bg7 38. Rb2 Qe6 39. Rb7 Qxh3 40. Bxh3 Bh6 41. f5 Rxe5 42. fxg6 fxg6 43. Rxa7 c4 44. Ra8+ Kf7 45. Bf1 c3 46. Rc8 Bf8 47. a4 Rc5 0-1

[Event "ESP-ch U14"]
[Site "Linares"]
[Date "2010.07.17"]
[Round "7"]
[White "Montoliu Cervero, Francisco"]
[Black "Gonzalez Benavides, Jose Antonio"]
[Result "1-0"]
[WhiteElo "2153"]
[BlackElo "1750"]
[PlyCount "50"]
[EventDate "2010.07.13"]
[EventType "swiss"]
[EventRounds "9"]
[EventCountry "ESP"]
[SourceTitle "CBM 137 Extra"]
[Source "ChessBase"]
[SourceDate "2010.09.01"]
[SourceVersion "1"]
[SourceVersionDate "2010.09.01"]
[SourceQuality "1"]

1. e4 c5 2. Nf3 Nc6 3. d4 cxd4 4. Nxd4 Nf6 5. Nc3 e5 6. Ndb5 d6 7. Bg5 a6 8. Na3 b5 9. Nd5 Be7 10. Bxf6 Bxf6 11. c4 b4 12. Nc2 Rb8 13. b3 0-0 14. g3 Bg5 15. Bg2 f5 16. 0-0 a5 17. Qd3 f4 18. f3 h5 19. Rfd1 fxg3 20. hxg3 Be6 21. Rf1 Bh6 22. f4 Bg4 23. f5 Qg5 24. Nc7 Qd2 25. Qxd2 Bxd2 1-0

[Event "Extremadura-chT"]
[Site "Spain"]
[Date "2009.03.21"]
[Round "9.2"]
[White "Gonzalez Benavides, Jose Antonio"]
[Black "Castellanos Mendoza, David"]
[Result "0-1"]
[WhiteElo "1770"]
[BlackElo "1999"]
[PlyCount "66"]
[EventDate "2009.01.17"]
[EventType "team-swiss"]
[EventRounds "9"]
[EventCountry "ESP"]
[SourceTitle "EXT 2011"]
[Source "ChessBase"]
[SourceDate "2010.11.26"]
[SourceVersion "1"]
[SourceVersionDate "2010.11.26"]
[SourceQuality "1"]
[WhiteTeam "Albatros"]
[BlackTeam "Santa Isabel"]
[WhiteTeamCountry "ESP"]
[BlackTeamCountry "ESP"]

1. e4 c5 2. Nf3 e6 3. d3 g6 4. g3 Bg7 5. Bg2 Nc6 6. 0-0 Nge7 7. c3 d5 8. Na3 0-0 9. Re1 d4 10. Bd2 Qd7 11. c4 Qc7 12. Nh4 e5 13. f4 f5 14. exf5 Nxf5 15. Nb5 Qb6 16. Nxf5 Bxf5 17. Bd5+ Kh8 18. Nd6 Bxd3 19. Nf7+ Rxf7 20. Bxf7 Qxb2 21. fxe5 Nxe5 22. Bf4 Bc2 23. Qe2 Nxf7 24. Rab1 Qxb1 25. Rxb1 Bxb1 26. Qe7 Rf8 27. a3 g5 28. Bd2 Ne5 29. Bc1 d3 30. Bb2 d2 31. Qd6 Nf3+ 32. Kg2 Nd4 33. Qxc5 d1Q 0-1

[Event "Extremadura-chT"]
[Site "Spain"]
[Date "2009.03.07"]
[Round "7.3"]
[White "Gonzalez Benavides, Jose Antonio"]
[Black "Garcia Gil Nunez, Romero Diego"]
[Result "0-1"]
[WhiteElo "1770"]
[BlackElo "1914"]
[PlyCount "86"]
[EventDate "2009.01.17"]
[EventType "team-swiss"]
[EventRounds "9"]
[EventCountry "ESP"]
[SourceTitle "EXT 2011"]
[Source "ChessBase"]
[SourceDate "2010.11.26"]
[SourceVersion "1"]
[SourceVersionDate "2010.11.26"]
[SourceQuality "1"]
[WhiteTeam "Albatros"]
[BlackTeam "Cibeles"]
[WhiteTeamCountry "ESP"]
[BlackTeamCountry "ESP"]

1. e4 c5 2. Nf3 e6 3. d3 Nc6 4. g3 d6 5. Bg2 Nf6 6. 0-0 Be7 7. Re1 Qc7 8. c3 0-0 9. d4 Rd8 10. Qe2 e5 11. d5 Nb8 12. Nbd2 b6 13. Nf1 Rf8 14. Qc2 Nbd7 15. Ne3 c4 16. Nd2 b5 17. Nf5 Nc5 18. Nxe7+ Qxe7 19. Bf1 Ng4 20. b3 f5 21. f3 Nxh2 22. Kxh2 f4 23. Bg2 fxg3+ 24. Kg1 Qh4 25. Nf1 Nd3 26. Re2 Bh3 27. Be3 Rf6 28. a4 Raf8 29. axb5 Bxg2 30. Rxg2 Rxf3 31. bxc4 Nf2 32. Nxg3 Nh3+ 33. Kh2 Nf4+ 34. Kg1 Nxg2 35. Nf5 Nxe3 36. Nxh4 Nxc2 37. Rxa7 R3f7 38. Ra6 Ne3 39. Rxd6 Nxc4 40. Rc6 Nd2 41. c4 Nxe4 42. c5 Rf1+ 43. Kg2 R8f2+ 0-1

[Event "Extremadura-chT"]
[Site "Spain"]
[Date "2009.02.28"]
[Round "6.3"]
[White "Lopez Trujillo, Alfonso"]
[Black "Gonzalez Benavides, Jose Antonio"]
[Result "0-1"]
[WhiteElo "1807"]
[BlackElo "1770"]
[PlyCount "110"]
[EventDate "2009.01.17"]
[EventType "team-swiss"]
[EventRounds "9"]
[EventCountry "ESP"]
[SourceTitle "EXT 2011"]
[Source "ChessBase"]
[SourceDate "2010.11.26"]
[SourceVersion "1"]
[SourceVersionDate "2010.11.26"]
[SourceQuality "1"]
[WhiteTeam "Tierra de Barros"]
[BlackTeam "Albatros"]
[WhiteTeamCountry "ESP"]
[BlackTeamCountry "ESP"]

1. c4 e6 2. g3 Nf6 3. Bg2 d5 4. d4 c5 5. dxc5 Bxc5 6. Bg5 0-0 7. Nc3 h6 8. Bd2 d4 9. Ne4 Nxe4 10. Bxe4 f5 11. Bg2 e5 12. b4 Bb6 13. Qb3 Re8 14. Bd5+ Kh8 15. Nf3 e4 16. Nh4 Qf6 17. 0-0-0 Nc6 18. Kb1 Be6 19. c5 Bxd5 20. Qxd5 Ne7 21. Qd7 Red8 22. Qxb7 Rab8 23. Qa6 Bxc5 24. Qxf6 gxf6 25. a3 a5 26. Rc1 Bd6 27. Rc4 axb4 28. axb4 Bxb4 29. Bxb4 Nd5 30. Nxf5 Nxb4 31. Ka1 Rd5 32. Nxd4 Ra5+ 33. Kb2 Nd5+ 34. Kc2 Ra2+ 35. Kc1 Ra1+ 36. Kc2 Rxh1 37. Rc5 Nb4+ 38. Kd2 Rd8 39. Ke3 Rd1 40. Ne6 Re8 41. Nf4 f5 42. Ng6+ Kg8 43. f3 Nd5+ 44. Kf2 exf3 45. Kxf3 Rf1+ 46. Kg2 Ne3+ 47. Kh3 Rf2 48. Nh4 Ng4 49. Nxf5 Re4 50. Rc8+ Kh7 51. Rc7+ Kg6 52. Nh4+ Kf6 53. Rc6+ Ke5 54. Ng6+ Kd5 55. Ra6 Rxh2# 0-1

[Event "Extremadura-chT"]
[Site "Spain"]
[Date "2009.01.31"]
[Round "3.4"]
[White "Sanchez Marcos, Andres"]
[Black "Gonzalez Benavides, Jose Antonio"]
[Result "1-0"]
[WhiteElo "1860"]
[BlackElo "1770"]
[PlyCount "123"]
[EventDate "2009.01.17"]
[EventType "team-swiss"]
[EventRounds "9"]
[EventCountry "ESP"]
[SourceTitle "EXT 2011"]
[Source "ChessBase"]
[SourceDate "2010.11.26"]
[SourceVersion "1"]
[SourceVersionDate "2010.11.26"]
[SourceQuality "1"]
[WhiteTeam "Extremadura Magic"]
[BlackTeam "Albatros"]
[WhiteTeamCountry "ESP"]
[BlackTeamCountry "ESP"]

1. e4 c5 2. Nc3 Nc6 3. Nf3 e6 4. d4 cxd4 5. Nxd4 Bb4 6. Nxc6 Bxc3+ 7. bxc3 bxc6 8. Qd4 Qf6 9. Ba3 e5 10. Qd6 Qxd6 11. Bxd6 f6 12. Rb1 Nh6 13. Bc4 Nf7 14. Ba3 a5 15. Rb6 d6 16. 0-0 Ng5 17. f3 Kd7 18. h4 Kc7 19. Rfb1 Ne6 20. Bxe6 Bxe6 21. Rb7+ Kc8 22. Bxd6 Rg8 23. a3 Bc4 24. Rc7+ Kd8 25. Rxc6 Rc8 26. Rxc8+ Kxc8 27. Rb8+ Kd7 28. Rxg8 Bxg8 29. Bf8 g6 30. Kf2 Bc4 31. Ke3 Ke6 32. g3 Bb5 33. f4 Bc4 34. Bc5 a4 35. Ba7 Bb5 36. Bb8 Bc4 37. g4 h6 38. Bc7 Kd7 39. Ba5 g5 40. fxe5 fxe5 41. h5 Ke7 42. Bb4+ Kf7 43. Bd6 Be6 44. Kf3 Kf6 45. Bf8 Bb3 46. Bxh6 Bxc2 47. Bf8 Bd1+ 48. Kg3 Bc2 49. Bc5 Bxe4 50. Bb6 Bc6 51. Bd8+ Kg7 52. Bxg5 Bd7 53. Kh4 Be6 54. Bd8 e4 55. Bb6 Bc4 56. Kg5 Kh7 57. Be3 Be2 58. Kf5 Bf3 59. c4 Be2 60. c5 Bb5 61. Kxe4 Bc6+ 62. Kf4 1-0

[Event "ESP-ch U12"]
[Site "Linares"]
[Date "2007.07.10"]
[Round "4"]
[White "Gonzalez Benavides, Jose Antonio"]
[Black "Meneses Gonzalez, Kevin Moises"]
[Result "0-1"]
[WhiteElo "1508"]
[BlackElo "1687"]
[PlyCount "112"]
[EventDate "2007.07.08"]
[EventType "swiss"]
[EventRounds "9"]
[EventCountry "ESP"]
[SourceTitle "EXT 2008"]
[Source "ChessBase"]
[SourceDate "2007.11.25"]
[SourceVersion "1"]
[SourceVersionDate "2007.11.25"]
[SourceQuality "1"]

1. e4 c5 2. Nf3 d6 3. c3 Nf6 4. Be2 Nc6 5. d4 cxd4 6. cxd4 e6 7. Nc3 Be7 8. Be3 0-0 9. 0-0 a6 10. a4 Ng4 11. Bc1 b6 12. h3 Nf6 13. Be3 Bb7 14. Qb3 Na5 15. Qc2 Rc8 16. e5 Nd5 17. Bd2 Nc4 18. Nxd5 Bxd5 19. Bxc4 Bxc4 20. Rfc1 Qd7 21. Ng5 Bxg5 22. Bxg5 dxe5 23. dxe5 h6 24. Bf4 Qd4 25. Qd2 Qxd2 26. Bxd2 Rfd8 27. Be3 b5 28. Rc3 b4 29. Rc2 Bb3 30. Rc5 Rxc5 31. Bxc5 a5 32. Bb6 Rd5 33. f4 g5 34. fxg5 hxg5 35. Rc1 Rxe5 36. Rc8+ Kh7 37. Bd4 Rd5 38. Rh8+ Kg6 39. Rg8+ Kf5 40. g4+ Kf4 41. Bb6 Kg3 42. Bc7+ Kxh3 43. Ra8 Bxa4 44. Bxa5 b3 45. Bc3 Bb5 46. Ra7 Rd1+ 47. Kf2 Rf1+ 48. Ke3 Kxg4 49. Rb7 Rf3+ 50. Kd2 Bc4 51. Rb4 Rf4 52. Be5 Re4 53. Bh2 Bd5 54. Rxe4+ Bxe4 55. Kc3 Bd5 56. Kd4 Kh3 0-1

[Event "Extremadura-ch"]
[Site "Badajoz"]
[Date "2007.06.02"]
[Round "1"]
[White "Gonzalez Benavides, Jose Antonio"]
[Black "Cilleruelo Garcia, Jaime"]
[Result "0-1"]
[WhiteElo "1474"]
[BlackElo "2099"]
[PlyCount "91"]
[EventDate "2007.06.02"]
[EventType "swiss"]
[EventRounds "7"]
[EventCountry "ESP"]
[SourceTitle "EXT 2008"]
[Source "ChessBase"]
[SourceDate "2007.11.25"]
[SourceVersion "1"]
[SourceVersionDate "2007.11.25"]
[SourceQuality "1"]

1. e4 e5 2. Nf3 Nc6 3. d4 exd4 4. c3 dxc3 5. Bc4 d6 6. Nxc3 Be6 7. Bxe6 fxe6 8. Qb3 Qc8 9. Ng5 Nd8 10. 0-0 h6 11. Nf3 Nc6 12. Be3 Nf6 13. Rad1 Be7 14. Nd4 Nxd4 15. Rxd4 0-0 16. Rb4 b6 17. Rd4 Kh8 18. f4 Ng4 19. Ne2 c5 20. Rd2 d5 21. exd5 c4 22. Qc3 Nxe3 23. Qxe3 Bc5 24. Nd4 exd5 25. Qe5 Qf5 26. Qxf5 Rxf5 27. Kh1 Rf6 28. Nb5 Rd8 29. Nc7 d4 30. Nb5 d3 31. Nxa7 Be3 32. Rdd1 Ra8 33. Rf3 Bxf4 34. g3 Bg5 35. Rxf6 Bxf6 36. Nb5 Rxa2 37. Na3 Rxb2 38. Nxc4 Rb4 39. Nxb6 Rxb6 40. Rxd3 Rb4 41. Rd5 Kg8 42. Kg1 Kf7 43. Kf1 Ke6 44. Rd3 Ke5 45. Re3+ Kd4 46. Re2 0-1

[Event "Extremadura-chT"]
[Site "Spain"]
[Date "2007.01.20"]
[Round "1.1"]
[White "Serrano Fuentes, Martin"]
[Black "Gonzalez Benavides, Jose Antonio"]
[Result "1/2-1/2"]
[WhiteElo "2053"]
[BlackElo "1474"]
[PlyCount "94"]
[EventDate "2007.01.20"]
[EventType "team-swiss"]
[EventRounds "7"]
[EventCountry "ESP"]
[SourceTitle "EXT 2011"]
[Source "ChessBase"]
[SourceDate "2010.11.26"]
[SourceVersion "1"]
[SourceVersionDate "2010.11.26"]
[SourceQuality "1"]
[WhiteTeam "Ateneo Cacereno III"]
[BlackTeam "Santa Isabel II"]
[WhiteTeamCountry "ESP"]
[BlackTeamCountry "ESP"]

1. e4 c5 2. Nf3 Nc6 3. d4 cxd4 4. Nxd4 e5 5. Nb5 a6 6. Nd6+ Bxd6 7. Qxd6 Qf6 8. Qxf6 Nxf6 9. f3 d5 10. exd5 Nxd5 11. c3 b5 12. Bd3 0-0 13. 0-0 Be6 14. Nd2 b4 15. c4 Nf4 16. Be4 Ne2+ 17. Kh1 Ned4 18. b3 f5 19. Bxc6 Nxc6 20. Re1 Rfe8 21. Bb2 Rad8 22. Rad1 Bf7 23. Kg1 Bg6 24. Kf2 e4 25. Nf1 Rxd1 26. Rxd1 f4 27. fxe4 Bxe4 28. Rd7 Re7 29. Rxe7 Nxe7 30. a3 bxa3 31. Bxa3 Nc6 32. Bd6 Bc2 33. b4 Nd4 34. Bxf4 Bd3 35. Nd2 Nc6 36. Bd6 Kf7 37. Ke3 Ke6 38. Bc5 Ne5 39. Kd4 g6 40. h3 g5 41. Kc3 h5 42. Bd4 Bf5 43. Bxe5 Kxe5 44. Nf3+ Kf4 45. c5 g4 46. hxg4 hxg4 47. Ne1 Ke3 1/2-1/2